|
|
|
|
| LEADER |
00000nam a2200000 i 4500 |
| 001 |
DIGVIETO117 |
| 003 |
NyNyDIG |
| 008 |
200514s2017 sp o 000 0 spa d |
| 006 |
m o d |
| 007 |
cr ||||||||||| |
| 035 |
|
|
|a (OCoLC)1155428993
|
| 040 |
|
|
|a DGITA
|b eng
|e rda
|e pn
|c DGITA
|
| 020 |
|
|
|z 9788416995523
|
| 020 |
|
|
|z 8416995524
|
| 043 |
|
|
|a a-af---
|
| 050 |
1 |
4 |
|a DS351.5 ebook
|
| 082 |
0 |
4 |
|a 958.1
|
| 245 |
0 |
0 |
|a Afganistán :
|b pasado y perspectivas de futuro /
|c Juan Ignacio Castien Maestro y Luis Herruzo Madrid (eds.).
|
| 264 |
|
1 |
|a Vilassar de Dalt (Barcelona) :
|b El Viejo Topo,
|c [2017]
|
| 300 |
|
|
|a 1 online resource.
|
| 336 |
|
|
|a text
|b txt
|2 rdacontent
|
| 337 |
|
|
|a computer
|b c
|2 rdamedia
|
| 338 |
|
|
|a online resource
|b cr
|2 rdacarrier
|
| 347 |
|
|
|a text file
|2 rdaft
|
| 347 |
|
|
|b PDF
|
| 588 |
0 |
|
|a Online resource; title from PDF title page (Digitalia, viewed May 25, 2020)
|
| 650 |
|
0 |
|a Postwar reconstruction
|z Afghanistan.
|
| 651 |
|
0 |
|a Afghanistan
|x History.
|
| 651 |
|
0 |
|a Afghanistan
|x Politics and government.
|
| 651 |
|
0 |
|a Afghanistan
|x Foreign relations.
|
| 651 |
|
0 |
|a Afghanistan
|x Social conditions.
|
| 655 |
|
0 |
|a Electronic books.
|
| 700 |
1 |
|
|a Castien Maestro, Juan Ignacio,
|e author,
|e editor.
|
| 700 |
1 |
|
|a Herruzo Madrid, Luis,
|e editor.
|
| 791 |
2 |
|
|a Digitalia (Firm),
|e distributor.
|
| 793 |
0 |
|
|g Digitalia eBook Collection:
|a El Viejo Topo
|
| 776 |
0 |
8 |
|i Print version:
|t Afganistán.
|d Vilassar de Dalt (Barcelona) : El Viejo Topo, 2017
|z 9788416995523
|w (OCoLC)1022080332
|
| 856 |
4 |
0 |
|3 Digitalia Hispánica
|u https://www.digitaliapublishing.com/a/57567/
|
| 910 |
|
|
|a Premium collection: 2020
|